000049903 001__ 49903
000049903 005__ 20230317220954.0
000049903 0247_ $$2doi$$a10.1007/BF01415817
000049903 0247_ $$2ISSN$$a1434-601X
000049903 0247_ $$2ISSN$$a1434-6001
000049903 0247_ $$2ISSN$$a1431-5831
000049903 037__ $$aGSI-2013-01530
000049903 041__ $$aEnglish
000049903 082__ $$a530
000049903 1001_ $$0P:(DE-Ds200)OR0487$$aHofmann, S.$$b0$$eCorresponding author
000049903 245__ $$aAlpha decay studies of very neutron deficient isotopes of Hf, Ta, W, and Re
000049903 260__ $$aBerlin$$bSpringer$$c1979
000049903 3367_ $$2DRIVER$$aarticle
000049903 3367_ $$2DataCite$$aOutput Types/Journal article
000049903 3367_ $$0PUB:(DE-HGF)16$$2PUB:(DE-HGF)$$aJournal Article$$bjournal$$mjournal$$s1561382116_15915
000049903 3367_ $$2BibTeX$$aARTICLE
000049903 3367_ $$2ORCID$$aJOURNAL_ARTICLE
000049903 3367_ $$00$$2EndNote$$aJournal Article
000049903 536__ $$0G:(DE-HGF)POF3-899$$a899 - ohne Topic (POF3-899)$$cPOF3-899$$fPOF III$$x0
000049903 588__ $$aDataset connected to CrossRef, repository.gsi.de
000049903 7001_ $$0P:(DE-HGF)0$$aFaust, W.$$b1
000049903 7001_ $$0P:(DE-Ds200)BUDP1-0212$$aMünzenberg, G.$$b2
000049903 7001_ $$0P:(DE-Ds200)OR1014$$aReisdorf, W.$$b3
000049903 7001_ $$0P:(DE-Ds200)OR0036$$aArmbruster, P.$$b4
000049903 7001_ $$0P:(DE-HGF)0$$aGüttner, K.$$b5
000049903 7001_ $$0P:(DE-HGF)0$$aEwald, H.$$b6
000049903 773__ $$0PERI:(DE-600)1459066-9$$a10.1007/BF01415817$$gVol. 291, no. 1, p. 53 - 70$$n1$$p53 - 70$$tThe @European physical journal / A$$v291$$x1434-601X$$y1979
000049903 909CO $$ooai:repository.gsi.de:49903$$pVDB
000049903 9101_ $$0I:(DE-Ds200)20121206GSI$$6P:(DE-Ds200)OR0487$$aGSI Helmholtzzentrum für Schwerionenforschung GmbH$$b0$$kGSI
000049903 9101_ $$0I:(DE-Ds200)20121206GSI$$6P:(DE-HGF)0$$aGSI Helmholtzzentrum für Schwerionenforschung GmbH$$b1$$kGSI
000049903 9101_ $$0I:(DE-Ds200)20121206GSI$$6P:(DE-Ds200)BUDP1-0212$$aGSI Helmholtzzentrum für Schwerionenforschung GmbH$$b2$$kGSI
000049903 9101_ $$0I:(DE-Ds200)20121206GSI$$6P:(DE-Ds200)OR1014$$aGSI Helmholtzzentrum für Schwerionenforschung GmbH$$b3$$kGSI
000049903 9101_ $$0I:(DE-Ds200)20121206GSI$$6P:(DE-Ds200)OR0036$$aGSI Helmholtzzentrum für Schwerionenforschung GmbH$$b4$$kGSI
000049903 9131_ $$0G:(DE-HGF)POF3-899$$1G:(DE-HGF)POF3-890$$2G:(DE-HGF)POF3-800$$3G:(DE-HGF)POF3$$4G:(DE-HGF)POF$$aDE-HGF$$bProgrammungebundene Forschung$$lohne Programm$$vohne Topic$$x0
000049903 915__ $$0StatID:(DE-HGF)0010$$2StatID$$aJCR/ISI refereed
000049903 915__ $$0StatID:(DE-HGF)0100$$2StatID$$aJCR
000049903 915__ $$0StatID:(DE-HGF)0110$$2StatID$$aWoS$$bScience Citation Index
000049903 915__ $$0StatID:(DE-HGF)0111$$2StatID$$aWoS$$bScience Citation Index Expanded
000049903 915__ $$0StatID:(DE-HGF)0150$$2StatID$$aDBCoverage$$bWeb of Science Core Collection
000049903 915__ $$0StatID:(DE-HGF)0199$$2StatID$$aDBCoverage$$bThomson Reuters Master Journal List
000049903 915__ $$0StatID:(DE-HGF)0200$$2StatID$$aDBCoverage$$bSCOPUS
000049903 915__ $$0StatID:(DE-HGF)0420$$2StatID$$aNationallizenz
000049903 915__ $$0StatID:(DE-HGF)1020$$2StatID$$aDBCoverage$$bCurrent Contents - Social and Behavioral Sciences
000049903 9201_ $$0I:(DE-Ds200)SHP-20080822OR107$$kSHP$$lSHE Physik$$x0
000049903 980__ $$ajournal
000049903 980__ $$aVDB
000049903 980__ $$aI:(DE-Ds200)20110830OR107
000049903 980__ $$aI:(DE-Ds200)SHP-20080822OR107
000049903 980__ $$aUNRESTRICTED